The Stuart age : a history of England 1603-1714 /

Bibliographic Details
Main Author: Coward, Barry
Format: Book
Language:English
Published: London ; New York : Longman, 1980.
Series:History of England in eleven volumes.
Subjects:

MARC

Tag First Indicator Second Indicator Subfields
LEADER 00000cam a2200000 a 4500
001 in00000072974
005 20151008060007.0
008 810416s1980 enkabj b 00110 eng d
010 |a  79042887  
020 |a 0582482798 
020 |a 0582488338 (pbk.) 
035 |a (OCoLC)07341959 
035 |9 AAJ4908AM 
040 |a KAT  |c KAT  |d UMK  |d OCL  |d TXA  |d UtOrBLW 
043 |a e-uk--- 
045 |a u6v1 
049 |a TXAM  
050 0 |a DA375 
082 0 |a 942.06 
090 |a DA375  |b .C6 
100 1 |a Coward, Barry. 
245 1 4 |a The Stuart age :  |b a history of England 1603-1714 /  |c Barry Coward. 
264 1 |a London ;  |a New York :  |b Longman,  |c 1980. 
300 |a xii, 493 pages :  |b illustrations, maps ;  |c 22 cm. 
336 |a text  |b txt  |2 rdacontent 
337 |a unmediated  |b n  |2 rdamedia 
338 |a volume  |b nc  |2 rdacarrier 
490 1 |a A history of England in eleven volumes 
504 |a Includes bibliographical references and index. 
536 |a In memory of Dr. Robert Wick ; August, 1998. 
651 0 |a Great Britain  |x History  |y Stuarts, 1603-1714. 
830 0 |a History of England in eleven volumes. 
999 |a MARS 
999 f f |s cdf591c7-c145-3276-9dbd-f3076d46c46d  |i a1db10c6-2c7c-3bd6-b007-5ca4409e78b4  |t 0 
952 f f |p ric  |a Texas A&M University  |b Rellis Campus  |c Joint Library Facility  |s JLF  |d Remote Storage  |t 0  |e DA375 .C6  |h Library of Congress classification  |i unmediated -- volume  |m A14823696487 
998 f f |a DA375 .C6  |t 0  |l Remote Storage